|
|
|
|
| LEADER |
00918nam a22002297a 4500 |
| 001 |
AAL9694 |
| 003 |
BD-DhAAL |
| 005 |
20180714102837.0 |
| 008 |
180714s 2017B ||||| |||| 00| 0 en d |
| 999 |
|
|
|c 39719
|d 39719
|
| 020 |
|
|
|a 9789842004964
|
| 040 |
|
|
|a BD-DhAAL
|c BD-DhAAL
|
| 082 |
|
|
|a 722.5
|
| 100 |
|
|
|a হোসেন, এবিএম
|9 27066
|
| 245 |
|
|
|a আরব স্থাপত্য /
|c এবিএম হোসেন
|
| 260 |
|
|
|a ঢাকা :
|b অ্যাডর্ন পাবলিকেশন্স,
|c ২০১৭
|
| 300 |
|
|
|a ৪৬৪ পৃ.
|c ২২ সে.মি.
|
| 541 |
|
|
|e ৯৬৯৪
|
| 650 |
|
|
|a Architecture (industrial)
|z Asia
|9 27067
|
| 852 |
|
|
|a Savar Campus Library
|c General Shelf
|
| 942 |
|
|
|2 ddc
|c BK
|
| 952 |
|
|
|0 0
|1 0
|2 ddc
|4 0
|6 722_500000000000000_HOS
|7 0
|9 63746
|a SCL
|b SCL
|c GEN
|d 2018-07-14
|e Development Book Agency
|g 765.00
|l 0
|o 722.5 HOS
|p 3020009694
|r 2018-07-14
|t 1
|w 2018-07-14
|y BK
|